Akibat tamak

Bibliographic Details
Format: Book
Published: Kuala Lumpur : Penerbitan Fargoes , 2005
Series:Siri cerita pengajaran
Subjects:

MARC

LEADER 00000cam a2200000 7i4500
001 0000004859
005 20151222.0
008 070731
020 |a 9831283031 
090 0 0 |a JF   |b MOR JAW (4349) 
245 0 0 |a Akibat tamak 
260 |a Kuala Lumpur :   |b Penerbitan Fargoes ,   |c 2005 
440 |a Siri cerita pengajaran 
500 |a Children ages 7-9 years old (orange) 
650 0 |a Junior fiction   |x jawi 
650 0 |a Moral 
999 |a 0000899921   |b Book   |c Children Collection   |e Cawangan Tangkak 
999 |a 0000899924   |b Book   |c Children Collection   |e Cawangan Tmn. Ungku Tun Aminah 
999 |a 0000899925   |b Book   |c Children Collection   |e Cawangan Tmn. Ungku Tun Aminah 
999 |a 0000978425   |b Book   |c Children Collection   |e Perbadanan Perpustakaan Awam Johor 
999 |a 0000978426   |b Book   |c Children Collection   |e Cawangan Urban Transformation Centre 
999 |a 0000978427   |b Book   |c Children Collection   |e Perbadanan Perpustakaan Awam Johor 
999 |a 0000978428   |b Book   |c Children Collection   |e Cawangan Urban Transformation Centre 
999 |a 0001215172   |b Book   |c Children Collection   |e Cawangan Taman Universiti 
999 |a 0001215173   |b Book   |c Children Collection   |e Cawangan Tmn. Ungku Tun Aminah 
999 |a 0001215174   |b Book   |c Children Collection   |e Cawangan Segamat 
999 |a 0001215175   |b Book   |c Children Collection   |e Cawangan Bukit Gambir 
999 |a 0001215176   |b Book   |c Children Collection   |e Cawangan Pontian 
999 |a 0001215177   |b Book   |c Children Collection   |e Cawangan Tangkak 
999 |a 0001215183   |b Book   |c Children Collection   |e Cawangan Mersing